000 00427nam a2200181Ia 4500
001 20894
005 20260306172839.0
008 260306t1998||||xx |||||||||||||| ||spa||
041 _aESP
082 _a343.8J
_bM22
100 _aEstudio Vera Paredes (ed.)
_eAUT
245 0 _aManual tributario 1998
260 _c1998
300 _a319 páginas :
_c21 cm.
650 _aGEN
654 _aCCO
942 _cLIB
_dJUS
_fJUS
_2ddc
_n
999 _c20894
_d20894